[Event "KUW-ch First Stage"]
[Site "Kuwait"]
[Date "2017.12.17"]
[Round "7.7"]
[White "Al Mousawi, Omran"]
[Black "Alotaibi, Khaled"]
[Result "0-1"]
[WhiteElo "1566"]
[BlackElo "1373"]
[PlyCount "50"]
[EventDate "2017.12.09"]
[EventType "swiss"]
[EventRounds "9"]
[EventCountry "KUW"]
[SourceTitle "EXT 2024"]
[Source "ChessBase"]
[SourceDate "2023.10.10"]
[SourceVersion "1"]
[SourceVersionDate "2023.10.10"]
[SourceQuality "1"]

1. e4 e5 2. Nf3 Nc6 3. d4 exd4 4. Bc4 Nf6 5. 0-0 Nxe4 6. Re1 d5 7. Bxd5 Qxd5 8. Nc3 Qh5 9. Nxe4 Be7 10. Bg5 Bg4 11. Bxe7 Bxf3 12. Ba3 Bxd1 13. Nf6+ Kd8 14. Nxh5 Bxh5 15. b4 b5 16. Rac1 Re8 17. Rxe8+ Kxe8 18. c4 dxc3 19. Rxc3 Kd7 20. Rg3 Re8 21. h3 Bg6 22. Kf1 Re4 23. Rd3+ Rd4 24. Rb3 Rd3 25. Rxd3+ Bxd3+ 0-1

[Event "KUW-ch First Stage"]
[Site "Kuwait"]
[Date "2017.12.15"]
[Round "6.6"]
[White "Alrashidi, Yousef"]
[Black "Al Mousawi, Omran"]
[Result "1-0"]
[WhiteElo "1477"]
[BlackElo "1566"]
[PlyCount "106"]
[EventDate "2017.12.09"]
[EventType "swiss"]
[EventRounds "9"]
[EventCountry "KUW"]
[SourceTitle "EXT 2024"]
[Source "ChessBase"]
[SourceDate "2023.10.10"]
[SourceVersion "1"]
[SourceVersionDate "2023.10.10"]
[SourceQuality "1"]

1. Nf3 c5 2. g3 Nc6 3. Bg2 b6 4. c3 Bb7 5. Qb3 e6 6. 0-0 Nf6 7. d3 d5 8. Bg5 Be7 9. Nbd2 0-0 10. Bxf6 Bxf6 11. Rfe1 e5 12. e4 d4 13. h4 dxc3 14. Qxc3 Ba6 15. Nc4 Re8 16. Nh2 Nd4 17. Ng4 Bc8 18. Nge3 Be6 19. Nd5 Bg4 20. Nce3 Bf3 21. Nxf6+ Qxf6 22. Nd5 Qd6 23. Qd2 Rac8 24. Rac1 Qg6 25. Qe3 Qh5 26. Kh2 h6 27. Bh3 Rc6 28. Bd7 Rce6 29. Bxe8 Rxe8 30. b4 Re6 31. bxc5 bxc5 32. Rxc5 g5 33. Nf4 gxf4 34. Qxd4 exd4 35. Rxh5 fxg3+ 36. Kxg3 Bxh5 37. f4 Ra6 38. Ra1 Be2 39. Kf2 Bxd3 40. a4 Bc2 41. a5 d3 42. Ke3 Rd6 43. Kd2 Rd4 44. Ke3 Rb4 45. Ra3 Rb1 46. Rc3 Re1+ 47. Kd2 Re2+ 48. Kc1 d2+ 49. Kxc2 d1Q+ 50. Kxd1 Rxe4 51. Rc7 a6 52. f5 Rxh4 53. Ra7 Ra4 1-0

[Event "KUW-ch First Stage"]
[Site "Kuwait"]
[Date "2017.12.14"]
[Round "5.7"]
[White "Albalhan, Fawaz"]
[Black "Al Mousawi, Omran"]
[Result "0-1"]
[WhiteElo "1045"]
[BlackElo "1566"]
[PlyCount "58"]
[EventDate "2017.12.09"]
[EventType "swiss"]
[EventRounds "9"]
[EventCountry "KUW"]
[SourceTitle "EXT 2024"]
[Source "ChessBase"]
[SourceDate "2023.10.10"]
[SourceVersion "1"]
[SourceVersionDate "2023.10.10"]
[SourceQuality "1"]

1. Nf3 d5 2. g3 c5 3. d3 Nc6 4. c3 Nf6 5. Nbd2 Bf5 6. Bg2 e6 7. 0-0 Bd6 8. Re1 0-0 9. Nh4 Bg6 10. Nxg6 fxg6 11. e4 dxe4 12. dxe4 e5 13. Nc4 Bc7 14. Qxd8 Raxd8 15. Bg5 b5 16. Na3 a6 17. Nc2 Bb6 18. Be3 Ng4 19. Bg5 c4 20. Kh1 Nxf2+ 21. Kg1 Nh3+ 22. Kh1 Nxg5 23. h4 Ne6 24. Bh3 Nc5 25. Nb4 Nxb4 26. cxb4 Nd3 27. Re2 Nxb4 28. a3 Nd3 29. Kg2 Kh8 0-1

[Event "KUW-ch First Stage"]
[Site "Kuwait"]
[Date "2017.12.11"]
[Round "3.10"]
[White "Al Mousawi, Omran"]
[Black "Karkari, Faisal"]
[Result "0-1"]
[WhiteElo "1566"]
[BlackElo "1266"]
[PlyCount "38"]
[EventDate "2017.12.09"]
[EventType "swiss"]
[EventRounds "9"]
[EventCountry "KUW"]
[SourceTitle "EXT 2024"]
[Source "ChessBase"]
[SourceDate "2023.10.10"]
[SourceVersion "1"]
[SourceVersionDate "2023.10.10"]
[SourceQuality "1"]

1. e4 e5 2. Nf3 Nc6 3. d4 exd4 4. Bc4 Bb4+ 5. c3 dxc3 6. bxc3 Bc5 7. 0-0 d6 8. Bxf7+ Kxf7 9. Ng5+ Ke8 10. Qh5+ g6 11. Qf3 Qf6 12. Qd3 Ne5 13. Qb5+ Kd8 14. Qb3 h6 15. Nh3 Bxh3 16. gxh3 Nf3+ 17. Kh1 Qh4 18. Qxb7 Qxh3 19. Qxa8+ Kd7 0-1

[Event "KUW-ch 1st Stage"]
[Site "Kuwait"]
[Date "2017.01.18"]
[Round "6"]
[White "Al Azmi, Khalaf"]
[Black "Al Mousawi, Omran"]
[Result "1/2-1/2"]
[WhiteElo "1808"]
[BlackElo "1565"]
[PlyCount "107"]
[EventDate "2017.01.12"]
[EventType "swiss"]
[EventRounds "9"]
[EventCountry "KUW"]
[SourceTitle "CBM 176 Extra"]
[Source "ChessBase"]
[SourceDate "2017.03.02"]
[SourceVersion "1"]
[SourceVersionDate "2017.03.02"]
[SourceQuality "1"]

1. e4 c5 2. Nf3 Nc6 3. d4 cxd4 4. Nxd4 e5 5. Nxc6 bxc6 6. Bc4 Ba6 7. Qe2 Bxc4 8. Qxc4 Nf6 9. Nc3 Be7 10. 0-0 0-0 11. Be3 d5 12. Qxc6 d4 13. Rfd1 Rc8 14. Qb7 Qc7 15. Qxc7 Rxc7 16. Nd5 Nxd5 17. exd5 Rxc2 18. Bc1 Rd8 19. Rd2 Rdc8 20. Rd1 Bf6 21. b4 e4 22. a4 d3 23. Rb1 Rd8 24. Be3 a6 25. f3 Re2 26. Bb6 Rxd5 27. fxe4 Rxe4 28. Rbc1 g6 29. Rc6 Bd4+ 30. Bxd4 Rexd4 31. Rxa6 Rxb4 32. a5 d2 33. Rb6 Rc4 34. Rbb1 Ra4 35. Rb2 Raxa5 36. Rbxd2 Rxd2 37. Rxd2 Rf5 38. g3 Kg7 39. Kg2 h5 40. h4 g5 41. hxg5 Rxg5 42. Kh3 Kg6 43. Rd4 f6 44. Rf4 Rd5 45. Ra4 Kg5 46. Rb4 Rd1 47. Ra4 f5 48. Rb4 Re1 49. Rb8 Re6 50. Rg8+ Rg6 51. Ra8 Kf6 52. Ra6+ Kf7 53. Ra7+ Ke8 54. Ra5 1/2-1/2

[Event "Kuwait Amateur-ch"]
[Site "Kuwait"]
[Date "2016.01.31"]
[Round "8"]
[White "Al Mousawi, Omran"]
[Black "Alhazzaa, Abdulrahman"]
[Result "1-0"]
[WhiteElo "1664"]
[BlackElo "1392"]
[PlyCount "51"]
[EventDate "2016.01.23"]
[EventType "swiss"]
[EventRounds "9"]
[EventCountry "KUW"]
[SourceTitle "CBM 170 Extra"]
[Source "ChessBase"]
[SourceDate "2016.02.25"]
[SourceVersion "1"]
[SourceVersionDate "2016.02.25"]
[SourceQuality "1"]

1. e4 e6 2. b3 d5 3. Bb2 c5 4. exd5 exd5 5. d4 Nc6 6. Bb5 Qa5+ 7. Nc3 a6 8. Bxc6+ bxc6 9. Nf3 c4 10. 0-0 cxb3 11. axb3 Qc7 12. Re1+ Be7 13. Qe2 Bg4 14. Qe5 Qd7 15. Qxg7 Bxf3 16. Qxh8 Kf8 17. Qxh7 Bxg2 18. Rxe7 Qxe7 19. Ba3 Nf6 20. Qh8+ Ng8 21. Bxe7+ Kxe7 22. Kxg2 Rf8 23. Qe5+ Kd7 24. Rxa6 Re8 25. Ra7+ Kd8 26. Qc7# 1-0

[Event "Kuwait Amateur-ch"]
[Site "Kuwait"]
[Date "2016.01.24"]
[Round "2"]
[White "Al Mousawi, Omran"]
[Black "Alshourfaa, Hazaa"]
[Result "0-1"]
[WhiteElo "1664"]
[BlackElo "1776"]
[PlyCount "70"]
[EventDate "2016.01.23"]
[EventType "swiss"]
[EventRounds "9"]
[EventCountry "KUW"]
[SourceTitle "CBM 170 Extra"]
[Source "ChessBase"]
[SourceDate "2016.02.25"]
[SourceVersion "1"]
[SourceVersionDate "2016.02.25"]
[SourceQuality "1"]

1. d4 d5 2. Bf4 Nf6 3. Nf3 Bf5 4. e3 e6 5. c3 Bd6 6. g3 0-0 7. Bg2 c5 8. 0-0 h6 9. Nbd2 cxd4 10. Bxd6 Qxd6 11. exd4 b5 12. a3 Nc6 13. Re1 Rac8 14. Ne5 Nd7 15. Ndf3 a5 16. Qb3 Rb8 17. Bf1 a4 18. Qd1 Na5 19. Qe2 Rfc8 20. Nh4 Bh7 21. Qf3 Nxe5 22. Rxe5 Nb3 23. Rae1 Nd2 24. Qg4 Nc4 25. Bxc4 bxc4 26. R5e2 Rb3 27. Ng2 Rcb8 28. Nf4 Bf5 29. Qf3 Rxb2 30. g4 Rxe2 31. Rxe2 Rb1+ 32. Kg2 Be4 33. Rxe4 dxe4 34. Qxe4 Rb8 35. Nh5 Qd5 0-1

[Event "KUW-ch"]
[Site "Kuwait"]
[Date "2015.12.15"]
[Round "11"]
[White "Maqseed, Nasser"]
[Black "Al Mousawi, Omran"]
[Result "1-0"]
[WhiteElo "1936"]
[BlackElo "1685"]
[PlyCount "61"]
[EventDate "2015.12.02"]
[EventType "tourn"]
[EventRounds "11"]
[EventCountry "KUW"]
[SourceTitle "CBM 169 Extra"]
[Source "ChessBase"]
[SourceDate "2015.12.18"]
[SourceVersion "1"]
[SourceVersionDate "2015.12.18"]
[SourceQuality "1"]

1. Nf3 c5 2. g3 Nc6 3. Bg2 b6 4. 0-0 Bb7 5. d3 d5 6. Nbd2 Nf6 7. e4 dxe4 8. dxe4 e5 9. c3 Be7 10. Qe2 Qc7 11. Nh4 0-0 12. Nf5 Rfd8 13. Nxe7+ Qxe7 14. Nf3 h6 15. Nh4 Bc8 16. Nf5 Bxf5 17. exf5 Rd6 18. Bd2 Rad8 19. Be3 e4 20. Rad1 Rd3 21. Bf4 c4 22. Rde1 Re8 23. g4 Qd7 24. h3 Nd5 25. Bc1 e3 26. Bxd5 exf2+ 27. Qxf2 Rxe1 28. Bxf7+ Qxf7 29. Rxe1 Rxh3 30. Qg2 Rh4 31. Qg3 1-0

[Event "KUW-ch"]
[Site "Kuwait"]
[Date "2015.12.03"]
[Round "2"]
[White "Al Mousawi, Omran"]
[Black "Hussain, Hashem"]
[Result "0-1"]
[WhiteElo "1685"]
[BlackElo "1772"]
[PlyCount "96"]
[EventDate "2015.12.02"]
[EventType "tourn"]
[EventRounds "11"]
[EventCountry "KUW"]
[SourceTitle "CBM 169 Extra"]
[Source "ChessBase"]
[SourceDate "2015.12.18"]
[SourceVersion "1"]
[SourceVersionDate "2015.12.18"]
[SourceQuality "1"]

1. e4 c5 2. Nf3 g6 3. d4 cxd4 4. Nxd4 Bg7 5. Nc3 Nc6 6. Be3 Nf6 7. Be2 0-0 8. 0-0 d5 9. Nxc6 bxc6 10. e5 Nd7 11. f4 e6 12. Qd2 Qc7 13. Rae1 a5 14. Kh1 Ba6 15. Bxa6 Rxa6 16. Na4 c5 17. Qf2 c4 18. Nc5 Rc6 19. Nxd7 Qxd7 20. Bc5 Rb8 21. c3 Rb5 22. Bd4 Qb7 23. Re2 a4 24. a3 Rc8 25. g4 Rb8 26. Rb1 Bf8 27. f5 Bxa3 28. fxe6 fxe6 29. Qf6 Qf7 30. Ra1 Bxb2 31. Rxa4 Qxf6 32. exf6 Kf7 33. Ra7+ R8b7 34. Ra6 Rb3 35. Re3 Bc1 36. Rexe6 Bd2 37. Red6 Bxc3 38. Rxd5 Bxd4 39. Rxd4 Rc7 40. Rd1 c3 41. g5 c2 42. Rc1 Rb1 43. Ra1 Rcb7 44. Kg2 Rxa1 45. Rxa1 Rb1 46. Ra7+ Ke6 47. f7 c1Q 48. f8Q Qg1+ 0-1

[Event "KUW-ch sf"]
[Site "Kuwait"]
[Date "2015.11.14"]
[Round "9"]
[White "Al Hamlan, Faisal"]
[Black "Al Mousawi, Omran"]
[Result "1-0"]
[WhiteElo "1956"]
[BlackElo "1680"]
[PlyCount "93"]
[EventDate "2015.11.02"]
[EventType "swiss"]
[EventRounds "9"]
[EventCountry "KUW"]
[SourceTitle "CBM 169 Extra"]
[Source "ChessBase"]
[SourceDate "2015.12.18"]
[SourceVersion "1"]
[SourceVersionDate "2015.12.18"]
[SourceQuality "1"]

1. d4 d5 2. c4 c6 3. Nf3 e6 4. g3 f5 5. Bg2 Nf6 6. Nc3 Be7 7. 0-0 0-0 8. Bg5 Nbd7 9. c5 Ne4 10. Bf4 Qe8 11. Qc2 h6 12. b4 Bf6 13. Rad1 e5 14. Be3 f4 15. gxf4 exf4 16. Bxf4 Bxd4 17. Nxd4 Nxc3 18. Qxc3 Rxf4 19. Rd3 Nf6 20. Rg3 Ne4 21. Bxe4 Qxe4 22. e3 Rg4 23. f3 Rxg3+ 24. hxg3 Qg6 25. Kg2 Bf5 26. g4 Bd3 27. Rd1 Bc4 28. Nf5 Re8 29. Nd6 Re7 30. Nxc4 dxc4 31. Qxc4+ Kh7 32. Qd3 h5 33. Qxg6+ Kxg6 34. gxh5+ Kxh5 35. e4 g5 36. Kg3 Kg6 37. Kg4 Kf6 38. Rd6+ Ke5 39. Kxg5 Rg7+ 40. Rg6 Rf7 41. Kg4 a6 42. Rg5+ Kd4 43. e5 Kd5 44. f4 Ke4 45. e6 Re7 46. Re5+ Kd4 47. Kf5 1-0

[Event "KUW-ch sf"]
[Site "Kuwait"]
[Date "2015.11.09"]
[Round "6"]
[White "Alshourfaa, Hazaa"]
[Black "Al Mousawi, Omran"]
[Result "1/2-1/2"]
[WhiteElo "1702"]
[BlackElo "1680"]
[PlyCount "54"]
[EventDate "2015.11.02"]
[EventType "swiss"]
[EventRounds "9"]
[EventCountry "KUW"]
[SourceTitle "CBM 169 Extra"]
[Source "ChessBase"]
[SourceDate "2015.12.18"]
[SourceVersion "1"]
[SourceVersionDate "2015.12.18"]
[SourceQuality "1"]

1. e4 c5 2. Nf3 Nc6 3. Bb5 g6 4. 0-0 Bg7 5. d3 e5 6. Be3 b6 7. c3 Nge7 8. Qd2 0-0 9. Bh6 Bb7 10. Bxg7 Kxg7 11. d4 exd4 12. cxd4 d5 13. exd5 Qxd5 14. dxc5 Qxc5 15. Qc3+ Qxc3 16. Nxc3 Nf5 17. Rad1 Rad8 18. Rxd8 Rxd8 19. Rd1 Rxd1+ 20. Nxd1 Ncd4 21. Nxd4 Nxd4 22. Bd3 Ne6 23. g3 Ng5 24. h4 Nf3+ 25. Kf1 Ne5 26. Be2 Kf6 27. f4 Nd7 1/2-1/2

[Event "Kuwait Taher Group Cup"]
[Site "Kuwait"]
[Date "2015.07.02"]
[Round "9"]
[White "Elsayed, Gharib"]
[Black "Al Mousawi, Omran"]
[Result "1-0"]
[WhiteElo "1798"]
[BlackElo "1673"]
[PlyCount "70"]
[EventDate "2015.06.24"]
[EventType "swiss"]
[EventRounds "9"]
[EventCountry "KUW"]
[SourceTitle "EXT 2016"]
[Source "ChessBase"]
[SourceDate "2015.10.08"]
[SourceVersion "1"]
[SourceVersionDate "2015.10.08"]
[SourceQuality "1"]

1. Nf3 Nf6 2. c4 c6 3. g3 d5 4. cxd5 cxd5 5. Bg2 g6 6. 0-0 Bg7 7. d4 0-0 8. h3 Nc6 9. Nc3 Re8 10. g4 Ne4 11. Bf4 e6 12. Nb5 Re7 13. e3 Qb6 14. Qe2 Bd7 15. Nc3 Na5 16. Nxe4 Bb5 17. Qc2 dxe4 18. Qxe4 Bxf1 19. Bxf1 Qxb2 20. Rb1 Qxa2 21. Rb5 Rd7 22. Kg2 Rad8 23. Rc5 Nb3 24. Rc2 Qa4 25. h4 Qb4 26. h5 a5 27. Be5 Bxe5 28. Qxe5 Qd6 29. Qf6 Qe7 30. Qf4 Rd5 31. Bc4 Na1 32. Ra2 Qb4 33. Bxd5 exd5 34. Rxa1 a4 35. Qf6 b5 1-0

[Event "Kuwait Taher Group Cup"]
[Site "Kuwait"]
[Date "2015.06.28"]
[Round "5"]
[White "Elwakeel, Hamada"]
[Black "Al Mousawi, Omran"]
[Result "0-1"]
[WhiteElo "1873"]
[BlackElo "1673"]
[PlyCount "100"]
[EventDate "2015.06.24"]
[EventType "swiss"]
[EventRounds "9"]
[EventCountry "KUW"]
[SourceTitle "EXT 2016"]
[Source "ChessBase"]
[SourceDate "2015.10.08"]
[SourceVersion "1"]
[SourceVersionDate "2015.10.08"]
[SourceQuality "1"]

1. d4 d5 2. Nf3 c6 3. g3 Bf5 4. Bg2 Nf6 5. 0-0 e6 6. c4 Be7 7. Nc3 Nbd7 8. b3 0-0 9. Bb2 dxc4 10. bxc4 Nb6 11. Qb3 Qc7 12. Ne5 a6 13. e4 Bg6 14. f4 c5 15. Nxg6 hxg6 16. d5 exd5 17. exd5 Rab8 18. a4 Rfd8 19. Rfe1 Bd6 20. Ne4 Nxe4 21. Rxe4 Nd7 22. Qc3 Nf6 23. a5 b5 24. axb6 Rxb6 25. Re2 Rdb8 26. Qc1 Qb7 27. Be5 Qc7 28. h3 Ne8 29. Qe1 Qd7 30. Kh2 Qf5 31. Be4 Qd7 32. Bc2 Rb4 33. Bc3 Rxc4 34. Rxa6 Nf6 35. Rxd6 Qxd6 36. Be5 Qb6 37. Bxb8 Qxb8 38. Bb1 Rd4 39. Ba2 Qd6 40. Re5 Nxd5 41. Bxd5 Rxd5 42. Rxd5 Qxd5 43. Qe8+ Kh7 44. Qb5 Qd4 45. Qe2 c4 46. Kg2 Qc3 47. Kf2 Qb3 48. Qd2 c3 49. Qd3 Qb2+ 50. Ke1 c2 0-1

[Event "Golden Sands op-B"]
[Site "Golden Sands"]
[Date "2015.06.12"]
[Round "5"]
[White "Al Mousawi, Omran"]
[Black "Zakharov, Denis"]
[Result "0-1"]
[WhiteElo "1673"]
[BlackElo "1815"]
[PlyCount "48"]
[EventDate "2015.06.08"]
[EventType "swiss"]
[EventRounds "9"]
[EventCountry "BUL"]
[SourceTitle "CBM 167 Extra"]
[Source "ChessBase"]
[SourceDate "2015.09.14"]
[SourceVersion "1"]
[SourceVersionDate "2015.09.14"]
[SourceQuality "1"]

1. e4 d6 2. d4 g6 3. Nc3 Bg7 4. f4 Nf6 5. Nf3 0-0 6. Bd3 c5 7. d5 Qb6 8. Rb1 Ng4 9. Na4 Qa5+ 10. Nc3 c4 11. h3 cxd3 12. hxg4 dxc2 13. Qxc2 Bxg4 14. 0-0 Nd7 15. b4 Qc7 16. Bb2 Rac8 17. Rbc1 Qb6+ 18. Qf2 Qxb4 19. a3 Qc5 20. Rc2 Bxf3 21. Qxc5 Nxc5 22. gxf3 Na4 23. Rfc1 Nxb2 24. Rxb2 Bxc3 0-1

[Event "KUW-ch"]
[Site "Kuwait"]
[Date "2015.02.04"]
[Round "7"]
[White "Al Mousawi, Omran"]
[Black "Alajmi, Abdulrahman"]
[Result "1/2-1/2"]
[WhiteElo "1688"]
[BlackElo "1392"]
[PlyCount "110"]
[EventDate "2015.01.26"]
[EventType "swiss"]
[EventRounds "9"]
[EventCountry "KUW"]
[SourceTitle "CBM 164 Extra"]
[Source "ChessBase"]
[SourceDate "2015.03.02"]
[SourceVersion "1"]
[SourceVersionDate "2015.03.02"]
[SourceQuality "1"]

1. e4 d5 2. exd5 Qxd5 3. Nc3 Qa5 4. d4 Nf6 5. Nf3 c6 6. Bc4 Bg4 7. 0-0 e6 8. Re1 Nbd7 9. a3 Qc7 10. d5 cxd5 11. Bxd5 Nxd5 12. Nxd5 Qa5 13. b4 Qd8 14. Bb2 Be7 15. Bxg7 Rg8 16. Nxe7 Rxg7 17. Nd5 Nb6 18. Qd4 Bxf3 19. Qxg7 Bxd5 20. Qxh7 Qg5 21. g3 Qg4 22. Qd3 Ke7 23. a4 Rh8 24. f4 Rxh2 25. Kxh2 Qh5+ 26. Kg1 Qh1+ 27. Kf2 Qh2+ 28. Ke3 Qxg3+ 29. Kd4 Qxf4+ 30. Kc3 Qf6+ 31. Qd4 Qf3+ 32. Re3 Qg2 33. a5 Nc4 34. Rd3 Nd6 35. Re1 Nb5+ 36. Kb2 Nxd4 37. Rxd4 Qf2 38. Red1 Qf6 39. Ka3 Qf3+ 40. R1d3 Qf2 41. Rd2 Qe3+ 42. R4d3 Qe5 43. Rd4 Qc7 44. Kb2 Qc6 45. R2d3 Bc4 46. Rc3 Qb5 47. Rdxc4 f5 48. Kb3 Qd5 49. Ka3 b5 50. Rc5 Qd2 51. Kb2 a6 52. Rc6 Qd4 53. Kb3 Qd5+ 54. Kb2 Qd4 55. Kb3 Qd5+ 1/2-1/2

[Event "KUW-ch"]
[Site "Kuwait"]
[Date "2015.02.03"]
[Round "6"]
[White "Alamiri, Adel"]
[Black "Al Mousawi, Omran"]
[Result "1-0"]
[WhiteElo "1812"]
[BlackElo "1688"]
[PlyCount "75"]
[EventDate "2015.01.26"]
[EventType "swiss"]
[EventRounds "9"]
[EventCountry "KUW"]
[SourceTitle "CBM 164 Extra"]
[Source "ChessBase"]
[SourceDate "2015.03.02"]
[SourceVersion "1"]
[SourceVersionDate "2015.03.02"]
[SourceQuality "1"]

1. c4 c6 2. g3 Nf6 3. Bg2 d5 4. cxd5 Nxd5 5. Nf3 g6 6. Nc3 Nxc3 7. bxc3 Bg7 8. 0-0 0-0 9. Qc2 Nd7 10. Bb2 Nf6 11. e4 Qc7 12. Rfe1 Rd8 13. d4 c5 14. d5 c4 15. Rad1 Nd7 16. Bc1 Nc5 17. Bf4 Qa5 18. Ne5 b5 19. Nc6 Qb6 20. Nxd8 Qxd8 21. Bf1 Qa5 22. Be3 Na4 23. d6 exd6 24. Rxd6 Be6 25. Bd4 Bxd4 26. Rxd4 Nxc3 27. Qd2 Qa3 28. Re3 b4 29. Bxc4 Bxc4 30. Rd8+ Rxd8 31. Qxd8+ Kg7 32. Qd4+ Kf8 33. Qxc4 a5 34. e5 Qxa2 35. Rxc3 Qxc4 36. Rxc4 b3 37. Rc8+ Ke7 38. Ra8 1-0

[Event "KUW-ch"]
[Site "Kuwait"]
[Date "2015.01.28"]
[Round "3"]
[White "Al Mousawi, Omran"]
[Black "Alothman, Abdul Wahab"]
[Result "1-0"]
[WhiteElo "1688"]
[BlackElo "2240"]
[PlyCount "69"]
[EventDate "2015.01.26"]
[EventType "swiss"]
[EventRounds "9"]
[EventCountry "KUW"]
[SourceTitle "CBM 164 Extra"]
[Source "ChessBase"]
[SourceDate "2015.03.02"]
[SourceVersion "1"]
[SourceVersionDate "2015.03.02"]
[SourceQuality "1"]

1. e4 c5 2. Nc3 Nc6 3. f4 g6 4. Nf3 Bg7 5. Bc4 d6 6. 0-0 e6 7. d3 Nf6 8. Qe1 a6 9. a4 0-0 10. f5 exf5 11. Qh4 Ng4 12. Bg5 Bf6 13. h3 Bxg5 14. Nxg5 h6 15. hxg4 Qxg5 16. Qxg5 hxg5 17. exf5 Ne5 18. Bd5 Nxg4 19. fxg6 Be6 20. gxf7+ Bxf7 21. Bxb7 Rab8 22. Bxa6 Rxb2 23. Ne4 Ne3 24. Rf2 Nxc2 25. Rc1 Bb3 26. Rd2 Bxa4 27. Nxd6 Kg7 28. Nc4 Ra2 29. Nb6 Bb3 30. Bc4 Bxc4 31. Nxc4 Nb4 32. Rc3 Ra1+ 33. Kh2 Nd5 34. Rb3 Rff1 35. Rb5 1-0

[Event "Kuwait TEC op 3rd"]
[Site "Kuwait"]
[Date "2014.04.21"]
[Round "6"]
[White "Al Mousawi, Omran"]
[Black "Maqseed, Nasser"]
[Result "0-1"]
[WhiteElo "1622"]
[BlackElo "1948"]
[PlyCount "84"]
[EventDate "2014.04.15"]
[EventType "swiss"]
[EventRounds "9"]
[EventCountry "KUW"]
[SourceTitle "EXT 2015"]
[Source "ChessBase"]
[SourceDate "2014.11.20"]
[SourceVersion "1"]
[SourceVersionDate "2014.11.20"]
[SourceQuality "1"]

1. e4 c5 2. Nc3 Nc6 3. f4 g6 4. Nf3 Bg7 5. Bc4 e6 6. 0-0 Nge7 7. d3 0-0 8. Qe1 d5 9. Bb5 Nd4 10. f5 exf5 11. Qh4 f6 12. exd5 Nxb5 13. Nxb5 Nxd5 14. Qc4 a6 15. Nc3 Be6 16. Bd2 Rc8 17. Rfe1 Bf7 18. Re2 Ne3 19. Qa4 Ng4 20. Rae1 Qb6 21. b3 c4+ 22. Kf1 cxd3 23. cxd3 Rfd8 24. h3 Ne5 25. Be3 Qd6 26. Nxe5 fxe5 27. Nd1 Qxd3 28. Nf2 Qd6 29. Qh4 Qe6 30. Bh6 Bxh6 31. Qxh6 e4 32. Qf4 Be8 33. Kg1 Bb5 34. Re3 Rc2 35. g4 Bc6 36. g5 Rdd2 37. Rf1 Qd6 38. Qxd6 Rxd6 39. Rd1 Rxd1+ 40. Nxd1 f4 41. Rc3 Rd2 42. Nf2 e3 0-1